[Event "Cappelle op 31st"]
[Site "Cappelle la Grande"]
[Date "2015.03.02"]
[Round "4"]
[White "Onischuk, Vladimir"]
[Black "Perez Ponsa, Federico"]
[Result "1-0"]
[WhiteElo "2629"]
[BlackElo "2558"]
[Annotator "RR"]
[PlyCount "107"]
[EventDate "2015.02.28"]
[EventType "swiss"]
[EventRounds "9"]
[EventCountry "FRA"]
[SourceTitle "EXT 2016"]
[Source "ChessBase"]
[SourceDate "2015.10.08"]
[SourceVersion "1"]
[SourceVersionDate "2015.10.08"]
[SourceQuality "1"]

1. e4 c5 2. Nf3 d6 3. d4 cxd4 4. Nxd4 Nf6 5. Nc3 a6 6. a4 {Une ligne secondaire
} e5 (6... e6) 7. Nf3 Be7 8. Bc4 (8. Bg5 Be6) 8... Be6 9. Qe2 (9. Bb3 Nc6 10.
O-O Na5 11. Ba2 Rc8 12. Qe2 O-O 13. Rd1 Qc7 14. Bg5 Nc4 15. Bxf6 Bxf6 16. Bxc4
Bxc4 17. Qd2 Rfd8 18. Ne1 Qc6 19. a5 h6 20. Nd3 Bg5 21. Qe1 b6 22. g3 bxa5 23.
h4 Be7 24. Rxa5 Qb6 25. Rda1 Re8 26. Qd2 Bd8 27. R5a4 Qb7 28. b3 Bb5 29. R4a2
Rxc3 30. Qxc3 Qxe4 31. Rxa6 Qf3 32. Rxd6 Bxh4 33. Qb4 Bxg3 34. Qxb5 Rc8 35. Qd5
e4 36. Rg6 Bb8 37. Rg2 Qf6 38. Re1 exd3 {Kamsky,G (2741)-Kempinski,R (2606)
Achaea 2012 1-0 (61)}) 9... Qc7 10. Ba2 Nc6 $146 (10... O-O 11. O-O Nc6 12. Rd1
Nb4 13. Bb3 Rac8 14. Bg5 h6 15. Bxf6 Bxf6 16. Ne1 Be7 17. Ra3 Qa5 18. Bxe6 fxe6
19. Qg4 Qc5 20. Qxe6+ Kh8 21. Rd2 Bg5 22. Re2 Nc6 23. Nf3 Nd4 24. Nxd4 exd4 25.
Nd1 Rce8 26. Qb3 d5 27. e5 Rf4 28. h4 Rxh4 29. Qxb7 Re4 30. b4 Qc8 31. Qxc8
Rxc8 32. Kf1 Rh4 33. Kg1 Re4 34. Kf1 {1/2-1/2 (34) Fritz,J (2446)-Schuh,G 
(2534) ICCF email 2008}) 11. Bg5 Nb4 12. Bb3 Rc8 (12... Bxb3 $5 13. cxb3 {
[%csl Gb4][%cal Gd6d5]} O-O 14. O-O Rac8 (14... Rfd8 15. Rac1 {[%cal Gc3d5]}
Rac8 16. Nd5) 15. Rac1 Qd7 16. Rfd1) 13. Rd1 h6 14. Bxf6 Bxf6 15. O-O O-O 16.
Ne1 Qb6 17. g3 Rfd8 18. Nd3 Nc6 (18... Nxd3 19. Rxd3 Bxb3 20. cxb3 Qxb3 21. Nd5
$16) 19. Nd5 Bxd5 20. Bxd5 Nd4 21. Qh5 Rxc2 (21... Rc7 22. c3) 22. Qxf7+ Kh8
23. Qxb7 Qxb7 24. Bxb7 a5 25. Kg2 Nb3 26. Bd5 $16 Rb8 27. h4 Nc5 $6 28. Nxc5
dxc5 29. b3 g5 30. h5 Rd8 31. Rd3 Kg7 32. Rfd1 Rd6 33. Rf3 (33. R1d2 {[%cal
Gg2f3,Gf3g4,Gg4f5]}) 33... Rd7 34. Kh3 c4 $5 {Les Noirs manquent de contre-jeu
et ls tentent de pêcher en eaux troubles} 35. bxc4 Rxc4 36. Bxc4 Rxd1 37. Bd5
Rd2 38. Kg4 Rb2 39. Kf5 $40 Rb6 40. Rc3 $18 Bd8 41. Rc8 Rf6+ 42. Kxe5 Rf8 43.
Ke6 g4 44. Rb8 Bc7 45. Rb7 Rf6+ 46. Kd7 Be5 47. Ra7 Bc3 48. Ke8+ Kh8 49. Rf7
Rb6 50. Rf5 Rb8+ 51. Kd7 Kg7 52. e5 Rf8 53. Rxf8 Kxf8 54. e6 1-0

[Event "Tata Steel-A 77th"]
[Site "Wijk aan Zee"]
[Date "2015.01.17"]
[Round "7"]
[White "Saric, Ivan"]
[Black "Vachier Lagrave, Maxime"]
[Result "0-1"]
[WhiteElo "2666"]
[BlackElo "2757"]
[Annotator "RR"]
[PlyCount "64"]
[EventDate "2015.01.10"]
[EventType "tourn"]
[EventRounds "13"]
[EventCountry "NED"]
[EventCategory "20"]
[SourceTitle "CBM 165"]
[Source "ChessBase"]
[SourceDate "2015.03.11"]
[SourceVersion "1"]
[SourceVersionDate "2015.03.11"]
[SourceQuality "1"]

1. e4 c5 2. Nf3 d6 3. d4 cxd4 4. Nxd4 Nf6 5. Nc3 a6 6. f3 e5 7. Nb3 Be6 8. Be3
Be7 9. Qd2 O-O 10. O-O-O Nbd7 11. g4 b5 12. Rg1 Nb6 13. Na5 Rc8 14. g5 Nh5 15.
Kb1 g6 16. a3 Qc7 17. Nd5 Nxd5 18. exd5 Bd7 19. h4 Bd8 20. Nc6 Bxc6 21. dxc6
Qxc6 22. Bh3 Rc7 23. Qxd6 Qxc2+ 24. Ka1 Nf4 25. Bg4 b4 26. Rc1 Qb3 27. Bxf4
exf4 28. Rxc7 bxa3 29. Rg2 Bxc7 30. Qxc7 Rb8 31. Rd2 $4 (31. Qc1 axb2+ 32. Rxb2
Qa4+ 33. Ra2 Qd4+ 34. Rb2 $11) 31... axb2+ 32. Kb1 Qa2+ 0-1

[Event "POL-chT 66th"]
[Site "Katowice"]
[Date "2010.09.04"]
[Round "1"]
[White "Olszewski, Michal"]
[Black "Szelag, Marcin"]
[Result "1-0"]
[WhiteElo "2549"]
[BlackElo "2464"]
[Annotator "RR"]
[PlyCount "65"]
[EventDate "2010.09.04"]
[EventType "team-tourn"]
[EventRounds "9"]
[EventCountry "POL"]
[SourceTitle "EXT 2016"]
[Source "ChessBase"]
[SourceDate "2015.10.08"]
[SourceVersion "1"]
[SourceVersionDate "2015.10.08"]
[SourceQuality "1"]
[WhiteTeam "Wroclaw"]
[BlackTeam "Poznan Pocztowiec"]
[WhiteTeamCountry "POL"]
[BlackTeamCountry "POL"]

1. e4 c5 2. Nf3 d6 3. d4 cxd4 4. Nxd4 Nf6 5. Nc3 a6 6. Be3 Qc7 (6... e6) (6...
e5) 7. Nf3 e5 8. a4 b6 (8... Be7) 9. Qd3 (9. Be2 Nbd7 10. O-O Be7 11. Nh4 g6
12. Bh6 Bb7 13. Bd3 Bf8 14. Qd2 Bxh6 15. Qxh6 O-O-O 16. Ra3 Kb8 17. b4 d5 18.
Nxd5 Nxd5 19. exd5 Qd6 20. c4 Qxb4 21. Ra2 Qb3 22. Rd2 Qxa4 23. Rb1 Qa3 24. Bf1
Rc8 25. Nf3 f6 26. Rdb2 Qf8 27. Qh3 Qd6 28. Nd2 f5 29. Nb3 h5 30. c5 Rxc5 31.
Nxc5 Qxc5 32. Qg3 Qd6 33. Ra1 Rc8 34. Qe3 {1/2-1/2 (34) Andriasian,Z (2612)
-Zherebukh,Y (2544) St Petersburg 2009}) 9... Be7 10. Nd2 $146 (10. Qc4 Qb7 11.
Qb3 Bd8 12. Rd1 Be6 13. Bc4 Bxc4 14. Qxc4 Be7 15. Bg5 Nbd7 16. Bxf6 Nxf6 17.
Nd2 O-O 18. Qd3 Rfc8 19. Nf1 Nh5 20. Qf3 Nf4 21. Ne3 b5 22. axb5 axb5 23. O-O
Ne6 24. Nf5 Bf8 25. Rd2 g6 26. Nxd6 Bxd6 27. Rxd6 Nd4 28. Qf6 Re8 29. Nd5 Ne2+
30. Kh1 Nf4 31. Nxf4 exf4 32. f3 Qc7 33. h4 Qxc2 34. Rfd1 Qf2 35. h5 Qc5 36.
R6d5 Qe7 37. Qxf4 gxh5 38. Rg5+ Kh8 39. Rd7 Ra1+ {Perez Candelario,M (2463)
-Lopez Martinez,J (2425) Burgos 2003 1-0}) 10... Be6 11. Nd5 (11. Be2 Nc6 $132)
11... Bxd5 12. exd5 Ng4 13. Ra3 $1 {Sacrifiant 2 P!} Nxe3 14. Qxe3 Qxc2 15. Rc3
Qxb2 16. Rc8+ Bd8 {[%csl Ra8,Rb8]} 17. Bd3 $13 {Les Noirs vont avoir du mal à
terminer le développement de l'aile-dame} O-O 18. O-O b5 (18... Qd4 19. Nc4
$44) (18... Bf6 19. Bxh7+) 19. Qh3 (19. Rb1) 19... g6 20. Ne4 $40 {[%cal Ge4d6,
Ge4g5]} bxa4 $2 (20... Qd4 21. Qh6 Nd7 $8 22. Rxa8 Qxd3 $132) 21. Qh6 {[%cal
Gc8d8,Ge4g5]} Nd7 22. Rxa8 Qb3 23. Qh3 f5 24. Nxd6 e4 25. Bxa6 Qb4 26. Nc8 Nc5
27. Ra7 h5 28. Qg3 Rf6 29. Qe5 Nxa6 30. d6 Kf8 31. Rxa6 Qb7 32. Ne7 Kf7 33. Nc6
1-0

[Event "USA-ch"]
[Site "Saint Louis"]
[Date "2015.04.01"]
[Round "1"]
[White "Robson, Ray"]
[Black "Troff, Kayden W"]
[Result "1-0"]
[WhiteElo "2656"]
[BlackElo "2532"]
[Annotator "Ramirez Alvarez,A"]
[PlyCount "83"]
[EventDate "2015.04.01"]
[EventType "tourn"]
[EventRounds "11"]
[EventCountry "USA"]
[EventCategory "16"]
[SourceTitle "CBM 166"]
[Source "ChessBase"]
[SourceDate "2015.05.11"]
[SourceVersion "1"]
[SourceVersionDate "2015.05.11"]
[SourceQuality "1"]

1. e4 c5 2. Nf3 d6 3. d4 cxd4 4. Nxd4 Nf6 5. Nc3 a6 6. Be3 e5 7. Nb3 Be7 8. f3
Be6 9. Qd2 O-O 10. O-O-O Nbd7 11. g4 b5 12. g5 b4 13. gxf6 bxc3 14. Qxc3 Nxf6
15. Na5 Rc8 16. Nc6 Qe8 17. Nxe7+ Qxe7 18. Qa5 Rc6 19. Kb1 {Ray revelead that
he played this exact variation against Torres in the Final Four of last year.
However, the game never made the database, and Troff was caught unaware.} (19.
Rg1 Rfc8 20. Kb1 d5 $1 {Here d5 works without a problem;} 21. exd5 Nxd5 22.
Rxd5 Bxd5 23. Qxd5 Rd6 24. Qe4 Rd1+ 25. Bc1 Qc5 $1 {And White is basically
losing. He cannot defend against the different threats, including the rook on
g1, the pressure on c2 and the pins on the first rank.}) 19... d5 $4 {
Confusing variations! Troff thought that this was possible after Kb1, but it
isn't in this position.} 20. exd5 Nxd5 21. Rxd5 Bxd5 22. Qxd5 Rd6 23. Qe4 Rd1+
24. Bc1 {White is threatening Bd3 and he is completely winning.} Qg5 25. f4
Qxf4 26. Qxf4 exf4 27. Bg2 Rxh1 28. Bxh1 {After this forced sequence it is
clear that White is winning. The passed pawn on the c-file, the pair of
bishops and easier activity for the king combined with the fact that Black's
pawns on the kingside are stuck make White's win only a matter of technique,
and Robson finished the game off perfectly.} g5 29. c4 Rc8 30. Bd5 Kg7 31. Kc2
Kf6 32. b4 Kf5 33. a4 g4 34. b5 axb5 35. axb5 Rb8 36. Ba3 f3 37. Bc5 Re8 38. b6
h5 39. b7 h4 40. Ba7 h3 41. Kd2 g3 42. b8=Q 1-0

[Event "Olympiad-37"]
[Site "Turin"]
[Date "2006.05.24"]
[Round "4"]
[White "Neiksans, Arturs"]
[Black "Tihonov, Jurij"]
[Result "0-1"]
[WhiteElo "2458"]
[BlackElo "2472"]
[Annotator "Reeh,O"]
[PlyCount "74"]
[EventDate "2006.05.21"]
[EventType "team-swiss"]
[EventRounds "13"]
[EventCountry "ITA"]
[SourceTitle "CBM 113"]
[Source "ChessBase"]
[SourceDate "2006.07.31"]
[SourceVersion "1"]
[SourceVersionDate "2006.07.31"]
[SourceQuality "1"]
[WhiteTeam "Latvia"]
[BlackTeam "Belarus"]
[WhiteTeamCountry "LAT"]
[BlackTeamCountry "BLR"]

1. e4 c5 2. Nf3 d6 3. d4 cxd4 4. Nxd4 Nf6 5. Nc3 a6 6. Be3 e5 7. Nb3 Be6 8. f3
Be7 9. Qd2 h5 10. O-O-O Nbd7 11. Kb1 Rc8 12. Nd5 Bxd5 13. exd5 Nb6 14. Qa5 Qc7
{14...Nc4 is also playable. The text move threatens 15...Qxc2+ and mate. 14...
Sc4 ist ebenfalls spielbar. Der Textzug droht 15...Dxc2+ nebst Matt.} 15. Bxa6
$2 {A strange decision. White exchanges the important pawn c2 for the pawn on
a6, at the same time opening lines for Black on the queenside. Eine seltsame
Entscheidung. Weiß tauscht den wichtigen Bauern auf c2 für den Randbauern a6,
womit er gleichzeitig noch Linien für Schwarz am Damenflügel öffnet.} (15. c3 {
is much better. ist viel besser.}) 15... bxa6 16. Qxb6 Qxc2+ 17. Ka1 O-O 18.
Qb7 Rfe8 19. Rd2 Qc4 20. Kb1 ({After Nach} 20. Rhd1 {Black has the very
unpleasant hat Schwarz das sehr unangenehme} Bd8 {threatening 21...Rb7 winning
the queen. mit der Drohung 21...Tb7 und Damengewinn.}) 20... Rc7 (20... Bd8 $2
21. Rc1) 21. Na5 $2 {A nice idea - yet its refutation is even nicer! Eine
schöne Idee - mit einer noch schöneren Widerlegung!} ({Yet also after
Allerdings ist auch nach} 21. Qb6 Nxd5 22. Rxd5 Qxd5 23. Qxc7 Qd3+ 24. Qc2 Qxe3
$17 {Black is clearly on top. Schwarz klar am Drücker.}) {[%tqu "En","White's
response to the attack on his queen was the counter attack 21.Na5. Has he
solved all his problems now?","Both queens are attacked. But if Black could
move away his queen with tempo (check), he would win material.","Free the
square e4, so that the black queen can give a check there.","f6e4","A
surprising move, after which White must lose material.",20,"De","Die Bedrohung
seiner Dame hat Weiß mit dem Gegenangriff 21.Sa5 pariert. Ist er damit aller
Sorgen ledig?","Beide Damen sind angegriffen. Doch wenn Schwarz seine mit
Tempo (Schach) wegziehen könnte, würde er Material gewinnen.","Machen Sie das
Feld e4 zugänglich, damit die Dame dort ein Schach geben kann.","f6e4","Ein
überraschender Zug, nach dem Weiß Material verliert.",20]} 21... Ne4 $1 {
Surprising - after this Black remains an exchange up. Überraschend - Schwarz
gewinnt unterm Strich eine Qualität.} 22. Nxc4 (22. Rdd1 Qc2+) (22. fxe4 Qxe4+
23. Ka1 Rxb7) 22... Nxd2+ 23. Bxd2 Rxb7 24. a4 Reb8 25. Rc1 Kf8 26. Ka2 Bd8 27.
b4 Ke7 28. Kb3 Kd7 29. Be1 Bb6 30. Ka3 f5 31. Rc2 g5 32. h3 Rc7 33. Kb3 Bd4 34.
Ka3 Rg8 35. Kb3 g4 36. hxg4 hxg4 37. Bf2 {[%tqu "En","","","","c7c4","",10]}
Rxc4 $1 (37... Rxc4 38. Kxc4 (38. Rxc4 Bxf2) 38... Rc8+ 39. Kb3 Rxc2 40. Kxc2
Bxf2 $19) 0-1

[Event "Olympiad-37"]
[Site "Turin"]
[Date "2006.05.24"]
[Round "4"]
[White "Mikheev, Stanislav Valerievi"]
[Black "Odeev, Handszar"]
[Result "0-1"]
[WhiteElo "2384"]
[BlackElo "2492"]
[Annotator "Reeh,O"]
[PlyCount "60"]
[EventDate "2006.05.21"]
[EventType "team-swiss"]
[EventRounds "13"]
[EventCountry "ITA"]
[SourceTitle "CBM 113"]
[Source "ChessBase"]
[SourceDate "2006.07.31"]
[SourceVersion "1"]
[SourceVersionDate "2006.07.31"]
[SourceQuality "1"]
[WhiteTeam "IPCA"]
[BlackTeam "Turkmenistan"]
[BlackTeamCountry "TKM"]

1. e4 c5 2. Nf3 d6 3. d4 cxd4 4. Nxd4 Nf6 5. Nc3 a6 6. Be3 e5 7. Nf3 Be7 8. Bc4
O-O 9. O-O Nc6 10. Bg5 Be6 11. Bb3 Nd7 12. Bxe7 Qxe7 13. Nd5 Qd8 14. c3 Na5 15.
Bc2 Rc8 16. a4 Nc4 17. Bb3 Ndb6 18. Bxc4 Rxc4 19. Nd2 Bxd5 $1 20. exd5 Rh4 21.
Qb3 ({Better was Besser war} 21. a5 Nd7 22. Ra4) 21... Qc7 $15 22. Rfe1 Nd7 23.
Ne4 Rg4 24. Qa3 {Moving the queen even further away from the kingside...
Entfernt die Dame noch weiter weg vom Königsflügel...} Rg6 25. f3 $2 f5 26. Ng3
(26. Nf2 Qc4 $1 {, and after 27...Qf4 or ...Qh4 Black will have all his forces
concentrated on the kingside. , und nach 27...Df4 oder ...Dh4 hat Schwarz all
seine Kräfte am Königsflügel konzentriert.}) 26... Qb6+ $1 27. Kf1 {Unpleasant
enough. Unangenehm genug.} (27. Kh1 {[%tqu "En","Why does the move 27.Kh1
fail?","The black queen controls the diagonal b6-g1 which can't be blocked by
White. If Black could open the h-file, a major piece coming to f6 would pose
an irresistible mating threat...","Force White to open the h-file!","g6g3",
"Winning a piece, since taking back would allow the deadly 28...Rf6.",15,"De",
"Woran scheitert der Zug 27.Kh1?","Die schwarze Dame kontrolliert die
Diagonale b6-g1, die von Weiß nicht blockiert werden kann. Wenn Schwarz die
h-Linie öffnen könnte, würde eine nach f6 kommende Schwerfigur eine
unparierbare Mattdrohung aufstellen...","Zwingen Sie Weiß, die h-Linie zu
öffnen!","g6g3","Gewinnt eine Figur, da nach dem Zurückschlagen tödlich 28...
Tf6 folgen würde.",15]} Rxg3 $1 28. hxg3 Rf6) 27... Rh6 $1 {Provoking further
weaknesses. Provoziert weitere Schwächen.} 28. h3 Rg6 29. Ne2 Nc5 30. Rad1 {
[%tqu "En","How can Black force White's immediate resignation?","Try to open
the f-file for the Rf8.","There is a deadly move which threatens mate on f2.",
"c5e4","Forcing mate or winning a piece.",15,"De","Wie kann Schwarz seinen
Gegner zur sofortigen Aufgabe zwingen?","Versuchen Sie, die f-Linie für den
Tf8 zu öffnen.","Schwarz hat einen tödlichen Zug, der Matt auf f2 droht.",
"c5e4","Erzwingt Matt oder Figurengewinn.",15]} Ne4 $1 {White resigned, since
the mate threat on f2 can only be parried under the loss of material. Weiß gab
auf, denn das Matt auf f2 lässt sich nur unter Materialverlust parieren.} (
30... Ne4 $1 31. fxe4 (31. Nd4 exd4) 31... fxe4+ 32. Nf4 Rxf4+ 33. Ke2 Rxg2#)
0-1

[Event "Olympiad-37"]
[Site "Turin"]
[Date "2006.05.25"]
[Round "5"]
[White "Gulbas, Cemil"]
[Black "Popovic, Dusan"]
[Result "0-1"]
[WhiteElo "2362"]
[BlackElo "2496"]
[Annotator "Reeh,O"]
[PlyCount "86"]
[EventDate "2006.05.21"]
[EventType "team-swiss"]
[EventRounds "13"]
[EventCountry "ITA"]
[SourceTitle "CBM 113"]
[Source "ChessBase"]
[SourceDate "2006.07.31"]
[SourceVersion "1"]
[SourceVersionDate "2006.07.31"]
[SourceQuality "1"]
[WhiteTeam "Belgium"]
[BlackTeam "Yugoslavia"]
[WhiteTeamCountry "BEL"]
[BlackTeamCountry "YUG"]

1. e4 c5 2. Nf3 d6 3. d4 cxd4 4. Nxd4 Nf6 5. Nc3 a6 6. Be3 e5 7. Nb3 Be6 8. f3
Be7 9. Qd2 O-O 10. O-O-O Nbd7 11. g4 Qc7 12. h4 b5 13. h5 b4 14. Nd5 Bxd5 15.
exd5 Rfc8 16. Kb1 a5 17. g5 a4 18. Na1 Ne8 19. Rh4 f5 20. gxf6 Bxf6 21. Rxb4
Rcb8 22. Rc4 Qd8 23. c3 Nc7 24. Nc2 Nb5 25. Rb4 Nc7 26. Rc4 Nb5 27. Nb4 Qe8 28.
h6 a3 29. b3 e4 30. f4 Nxc3+ 31. Rxc3 Rxb4 32. Bh3 Nc5 33. Rg1 g6 ({In this
wild position, Black could have played his trump with In dieser wilden
Stellung hätte Schwarz mit} 33... Nxb3 $1 {, e.g. bereits seinen Trumpf
ausspielen können, z.B.} 34. axb3 a2+ 35. Kc2 a1=Q 36. Rxa1 Rxa1 37. Rc8 Ra2+
$17) 34. Rxc5 $1 dxc5 35. Be6+ Kh8 36. Bxc5 Rxb3+ $5 {The last chance. If the
rook retreats, White will cover all threats with 37.Bd4 and has the advantage.
Die letzte Chance. Wenn der Turm zurückzieht, wehrt Weiß mit 37.Ld4 alle
Drohungen ab und bleibt im Vorteil.} 37. axb3 Qb5 $1 {Setting a deadly trap.
Stellt eine tödliche Falle.} (37... a2+ 38. Kc2 a1=Q $2 (38... Ra4 $5 {is
better, yet still advantageous for White. ist besser, aber trotzdem
vorteilhaft für Weiß}) 39. Rxa1 Rxa1 40. Bd4 Ra2+ 41. Kb1 {and White wins: und
Weiß gewinnt:} Rxd2 42. Bxf6#) 38. Bd4 $4 {Of course White wants to block the
long diagonale, yet the text move blunders the game way! Natürlich will Weiß
die lange Diagonale blockieren, doch mit dem Textzug stellt er die Partie ein!}
({With the spectacular Mit dem spektakulären} 38. Qd4 $1 {, however, White
could have kept the upper hand, e.g. dagegen hätte Weiß die Oberhand bewahren
können, z.B.} Qxb3+ 39. Ka1 Qb2+ (39... Bxd4+ 40. Bxd4#) 40. Qxb2 axb2+ 41. Kb1
{and in contrast to the game, the white bishop is not hanging on d4. und im
Gegensatz zur Partie hängt kein weißer Läufer auf d4.}) (38. Ka2 Qxc5 39. Re1 {
might also be enough for a slight plus. könnte auch zu einem leichten Plus
genügen.}) 38... Qxb3+ 39. Ka1 {[%tqu "En","Black is a piece down, and White
threatens mate. Can he still save himself?","Black has a fantastic move here
which gets his rook into play and at the same time turns his far advanced pawn
a3 into a deadly force.","Play a move which forces White to take on b2.",
"b3b2","Brilliant! Believe it or not, after this move White is actually lost!",
10,"De","Schwarz hat eine Figur weniger, und Weiß droht matt. Kann er sich
noch retten?","Schwarz hat hier einen fantastischen Zug, der seinen Turm ins
Spiel bringt und gleichzeitig seinem weit vorgerückten Bauern a3 in eine
tödliche Macht verwandelt.","Zwingen Sie Weiß, die a-Linie zu öffnen.","b3b2",
"Brillant! Kaum zu glauben, aber danach ist Weiß tatsächlich verloren!",10]}
Qb2+ $1 {Fabulous! The a-file is opened, the black rook enters the game and
the black passed pawn on b2 makes the day! Prächtig! Die a-Linie wird geöffnet,
der Ta8 greift ins Spiel ein, und der Bauer auf b2 entscheidet den Tag!} 40.
Bxb2 (40. Qxb2 {loses to verliert wegen} axb2+ {Double check! Doppelschach!}
41. Kxb2 (41. Kb1 Bxd4 {, with the double threat Bxg1 and Ra1+ mit der
Doppeldrohung Lxg1 und Ta1+}) 41... Bxd4+ 42. Kb3 Bxg1) 40... axb2+ {Double
check! Doppelschach!} 41. Kb1 Ra1+ 42. Kc2 Rxg1 $1 {Despite his queen, White
is helpless against the black b-pawn. Trotz seiner Dame ist Weiß hilflos gegen
den schwarzen b-Bauern.} 43. Qb4 Rc1+ {A and White resigned. A comedy of
errors! Und Weiß gab auf. Eine Komödie der Irrungen!} (43... Rc1+ 44. Kd2 Bc3+
$1 (44... b1=Q $4 45. Qf8#) 45. Qxc3+ Rxc3 {and the pawn queens. und der Bauer
zieht ein.}) 0-1